000 00873nam a2200241 4500
001 178892
003 ES-MaACL
005 20250819043104.0
008 110729s2009 sp |||| | spa d
020 _a978-84-9768-585-6
080 _a001:34
080 _a001:32
100 1 _aEsteve Pardo, José.
_9147470
245 1 3 _aEl desconcierto del Leviatán
_b: política y derecho ante las incertidumbres de la ciencia /
_cJosé Esteve Pardo.
260 _aMadrid :
_bMarcial Pons, Ediciones Jurídicas y Sociales,
_c2009.
300 _a211 p. ;
_c24 cm.
504 _aReferencias bibliográficas.
650 7 _aCiencia y derecho
_2embne
_9147471
650 7 _aCiencia-
_xAspectos políticos.
_910934
852 _aES-MaACL
_jA-11388
_9185758
_bR.145875
_cDEPO1
_dOlim: N-4392
942 _2udc
_cMONOGRAFIA
999 _c178892
_d178892